Т. 309, № 2; Известия Томского политехнического университета [Известия ТПУ]

Detalles Bibliográficos
Parent link:Известия Томского политехнического университета [Известия ТПУ]/ Томский политехнический университет (ТПУ). Т. 309, № 2.— , 2000-
Idioma:ruso
Publicado: 2006
Subjects:
Formato: Libro
KOHA link:https://koha.lib.tpu.ru/cgi-bin/koha/opac-detail.pl?biblionumber=171143

MARC

LEADER 00000nam2a2200000 4500
001 171143
005 20231208102124.0
035 |a (RuTPU)RU\TPU\book\185599 
035 |a RU\TPU\book\68647 
090 |a 171143 
100 |a 20091202d2006 k y0rusy50 ca 
101 0 |a rus 
102 |a RU 
105 |a ac z 001zd 
200 0 |a Т. 309, № 2 
210 |d 2006 
215 |a 288 с.  |c ил. 
320 |a Библиогр. в конце ст. 
461 1 |0 (RuTPU)RU\TPU\book\176237  |t Известия Томского политехнического университета [Известия ТПУ]  |f Томский политехнический университет (ТПУ)  |v Т. 309, № 2  |d 2000- 
600 1 |a Лавренюк  |b А. Ф.  |c российский физик, энергетик  |f 1943-2006  |g Александр Федорович  |c профессор Томского политехнического университета, доктор технических наук  |y Томск  |2 stltpush  |3 (RuTPU)RU\TPU\pers\17573 
600 1 |a Месяц  |b Г. А.  |c российский физик  |c академик, вице-президент РАН  |f 1936-  |g Геннадий Андреевич  |y Томск  |x TPU  |c выпускник Томского политехнического института  |2 stltpush  |3 (RuTPU)RU\TPU\pers\17099 
601 0 2 |a Томский политехнический университет (ТПУ)  |c (1991- )  |2 stltpush  |3 (RuTPU)RU\TPU\col\376 
606 1 |a Инженерное дело  |2 stltpush  |3 (RuTPU)RU\TPU\subj\12589  |9 39351 
606 1 |a Томский политехнический университет  |2 stltpush  |3 (RuTPU)RU\TPU\subj\67475  |9 83260 
610 1 |a технические вузы 
610 1 |a Россия 
610 1 |a Сибирь 
610 1 |a естественные науки 
610 1 |a технические науки 
610 1 |a социально-экономические науки 
610 1 |a гуманитарные науки 
610 1 |a инженерное образование 
610 1 |a история 
610 1 |a Коллекция История ТПУ 
610 1 |a труды учёных ТПУ 
675 |a 62  |v 3 
686 |a Ч484(2)72ТПУ  |2 rubbk 
801 1 |a RU  |b 63413507  |c 20040607  |g PSBO 
801 2 |a RU  |b 63413507  |c 20221208  |g PSBO 
942 |c CR